000 00296 a2200145 4500
001 150107
040 _cEscola São Tomás de Aquino
100 _aMURRAY, Roseana
240 1 0 _aFelicidade
_lpor
245 1 0 _aFelicidade
362 0 _a1999
440 1 _aFTD
697 _aPoesia
942 _cBK
999 _c150107
_d150107